000 00297nam a2200109Ia 4500
008 220204s9999 xx 000 0 und d
082 _a666.798
_bSWA
100 _aSwamy, R N
245 0 _aTesting and test methods of fibre cement composites
260 _aLancaster
_bConstruction
_c1975
942 _cBK
999 _c32359
_d32359